Statistics for Capital Cities Breakdown Puzzle #1

Click here to take the quiz!

General Stats

  • This quiz has been taken 10,888 times
    (10,852 since last reset)
  • The average score is 16 of 30

Answer Stats

HintAnswer% Correct
Not closedOPEN
97%
Loose coinsCHANGE
88%
Musical threesomeTRIO
82%
Fireplace residueASH
81%
DownpourRAIN
81%
Victoria's Secret itemBRA
80%
Man's neckwearTIE
79%
Butterfly catcherNET
78%
Bond or Monroe, eg.JAMES
70%
Reign overRULE
70%
A long, long, time ___AGO
68%
Livid, angryMAD
66%
Wicked, naughtyBAD
59%
COPENHAGEN
58%
Prefix to hazard or sphereBIO
57%
Brook, creekSTREAM
55%
Origami birdCRANE
50%
Luxurious, shiny fabricSATIN
50%
Massage, kneadRUB
40%
Type of Italian sausageSALAMI
39%
Anjou fruitPEAR
37%
AMSTERDAM
35%
NAIROBI
34%
JERUSALEM
33%
SANTIAGO
31%
ATHENS
29%
ISLAMABAD
29%
CANBERRA
28%
BEIRUT
27%
PRETORIA
13%

Score Distribution

Percentile by Number Answered

Percent of People with Each Score

Your Score History

You have not taken this quiz since the last reset